Mathematical model of a fluxgate magnetometer; MATEC Web of Conferences; Vol. 158 : Space Engineering
| Parent link: | MATEC Web of Conferences Vol. 158 : Space Engineering.— 2018.— [01006, 6 p.] |
|---|---|
| Autor principal: | |
| Autores corporativos: | , , |
| Outros Autores: | , |
| Resumo: | Title screen In paper analytical equations for calculate the electromotive force in the measuring coil of the fluxgate magnetometer independent of the drive signal frequency content are presented. Also, the equations for es-timation of the fluxgate sensitivity at any harmonic and for study fluxgates operation with a glance to the waveform and the polynomial approximation of the mean magnetization curve of the core are provided. |
| Idioma: | inglês |
| Publicado em: |
2018
|
| Assuntos: | |
| Acesso em linha: | https://doi.org/10.1051/matecconf/201815801006 http://earchive.tpu.ru/handle/11683/52909 |
| Formato: | Recurso Eletrônico Capítulo de Livro |
| KOHA link: | https://koha.lib.tpu.ru/cgi-bin/koha/opac-detail.pl?biblionumber=659416 |
MARC
| LEADER | 00000nla2a2200000 4500 | ||
|---|---|---|---|
| 001 | 659416 | ||
| 005 | 20231220134606.0 | ||
| 035 | |a (RuTPU)RU\TPU\network\27975 | ||
| 035 | |a RU\TPU\network\27960 | ||
| 090 | |a 659416 | ||
| 100 | |a 20190218d2018 k y0engy50 ba | ||
| 101 | 0 | |a eng | |
| 105 | |a y z 100zy | ||
| 135 | |a vrgn ---uucaa | ||
| 181 | 0 | |a i | |
| 182 | 0 | |a b | |
| 200 | 1 | |a Mathematical model of a fluxgate magnetometer |f P. F. Baranov, V. E. Baranova, T. G. Nesterenko | |
| 203 | |a Text |c electronic | ||
| 300 | |a Title screen | ||
| 320 | |a [References: 7 tit.] | ||
| 330 | |a In paper analytical equations for calculate the electromotive force in the measuring coil of the fluxgate magnetometer independent of the drive signal frequency content are presented. Also, the equations for es-timation of the fluxgate sensitivity at any harmonic and for study fluxgates operation with a glance to the waveform and the polynomial approximation of the mean magnetization curve of the core are provided. | ||
| 461 | 1 | |0 (RuTPU)RU\TPU\network\4526 |t MATEC Web of Conferences | |
| 463 | 1 | |0 (RuTPU)RU\TPU\network\27949 |t Vol. 158 : Space Engineering |o VI International Forum for Young Scientists, April 26-28, 2018, Tomsk, Russia |o [proceedings] |f National Research Tomsk Polytechnic University (TPU) ; eds. V. N. Borikov [et al.] |v [01006, 6 p.] |d 2018 | |
| 610 | 1 | |a электронный ресурс | |
| 610 | 1 | |a труды учёных ТПУ | |
| 610 | 1 | |a математические модели | |
| 610 | 1 | |a магнитометры | |
| 610 | 1 | |a электродвижущие силы | |
| 610 | 1 | |a намагниченность | |
| 610 | 1 | |a сердечники | |
| 610 | 1 | |a измерительные катушки | |
| 610 | 1 | |a сигналы | |
| 700 | 1 | |a Baranov |b P. F. |c specialist in the field of control and measurement equipment |c Associate Professor of Tomsk Polytechnic University, Candidate of technical sciences |f 1987- |g Pavel Fedorovich |3 (RuTPU)RU\TPU\pers\34618 |9 17980 | |
| 701 | 1 | |a Baranova |b V. E. |c specialist in the field of control and measurement equipment |c senior lecturer of Tomsk Polytechnic University, Engineer |f 1986- |g Vitaliya Evgenyevna |3 (RuTPU)RU\TPU\pers\35637 |9 18806 | |
| 701 | 1 | |a Nesterenko |b T. G. |c specialist in the field of mechanical engineering |c Associate Professor of Tomsk Polytechnic University, Candidate of technical sciences |f 1946- |g Tamara Georgievna |3 (RuTPU)RU\TPU\pers\30970 |9 15208 | |
| 712 | 0 | 2 | |a Национальный исследовательский Томский политехнический университет |b Инженерная школа энергетики |b Отделение электроэнергетики и электротехники (ОЭЭ) |3 (RuTPU)RU\TPU\col\23505 |
| 712 | 0 | 2 | |a Национальный исследовательский Томский политехнический университет |b Инженерная школа информационных технологий и робототехники |b Отделение автоматизации и робототехники (ОАР) |3 (RuTPU)RU\TPU\col\23553 |
| 712 | 0 | 2 | |a Национальный исследовательский Томский политехнический университет |b Инженерная школа неразрушающего контроля и безопасности |b Отделение электронной инженерии |3 (RuTPU)RU\TPU\col\23507 |
| 801 | 1 | |a RU |b 63413507 |c 20150101 |g RCR | |
| 801 | 2 | |a RU |b 63413507 |c 20190228 |g RCR | |
| 856 | 4 | |u https://doi.org/10.1051/matecconf/201815801006 | |
| 856 | 4 | |u http://earchive.tpu.ru/handle/11683/52909 | |
| 942 | |c CF | ||